00567 2200217 4500001002100000005001500021035002000036007000300056008004100059020002100100082001100121084001700132100003200149245003000181260004300211300004500254650001300299650000900312700000800321990002000329INLIS00000000000300920260513065637 a0010-0526000100ta260513 f 0 ind  a978-623-713-92-2 a005.73 a005.73 WIH b0 aWiharja, Kemas Rahmat Saleh1 aBasis Data Non Relasional aBandung :bPenerbit Informatika,c2025 axii + 188 hlm. :bilus. ;c15,5 x 23 cm. 4aKomputer 4aData0 adkk a20260515.06.010